Asian Countries In Their Native Language - Statistics

General Stats
  • This quiz has been taken 48 times
    41 since last reset
  • The average score is 40 of 48
Answer Stats
Asian Language English % Correct
Afghanestan Afghanistan
100%
Azerbaycab Azerbaijan
97%
Bangladesh Bangladesh
97%
Brunei Brunei
97%
Kampuchea Cambodia
95%
Indonesia Indonesia
95%
Īrān Iran
95%
Al- 'Iraq Iraq
95%
Al-Bahrayn Bahrain
92%
Kypros Cyprus
92%
Timor Lorosa's East Timor
92%
Kyrgyzstan Kyrgyzstan
92%
Lao Laos
92%
Malaysia Malaysia
92%
Mongol Uls Mongolia
92%
Myanma Myanmar
92%
Nepāl Nepal
92%
'Uman Oman
92%
Pākistān Pakistan
92%
Yisra'el Israel
90%
Qazaqstan Kazakhstan
90%
Pilipinas Philippines
90%
Qatar Qatar
90%
Zhōngguó China
87%
Nihon Japan
87%
Dawlat ul-Kuwayt Kuwait
87%
Singapura Singapore
87%
Sri Lankā Sri Lanka
87%
Táiwān Taiwan
85%
Tojikistan Tajikistan
82%
Thai Thailand
82%
Türkiye Turkey
82%
Al-'Arabiyyah as Sa'ūdiyyah Saudi Arabia
79%
Türkmenistan Turkmenistan
79%
Lubnān Lebanon
77%
Choson North Korea
77%
Hanguk South Korea
77%
O'zbekiston Uzbekistan
77%
Viêt Nam Vietnam
77%
Al-Yaman Yemen
74%
Suriyah Syria
72%
Al-‘Urdun Jordan
64%
Hayastán Armenia
59%
Druk Yul Bhutan
59%
Bhārat India
59%
Al-'Imārat United Arab Emirates
56%
Sak'art'velo Georgia
54%
Dhivehi Raajje Maldives
46%
No matching quizzes found
Score Distribution
Percent of People with Each Score
Percentile by Number Answered
Your Score History
You have not taken this quiz since the last reset